[Event "61st World Juniors 2024"]
[Site "Gandhinagar IND"]
[Date "2024.06.10"]
[Round "8.1"]
[White "Grebnev, Aleksey"]
[Black "Nogerbek, Kazybek"]
[Result "1/2-1/2"]
[WhiteTitle "GM"]
[BlackTitle "IM"]
[WhiteElo "2540"]
[BlackElo "2502"]
[WhiteFideId "34189030"]
[BlackFideId "13710427"]
[EventDate "2024.06.02"]

1. Nf3 d5 2. c4 e6 3. g3 Nf6 4. Bg2 Be7 5. O-O O-O 6. d4 dxc4 7. Qc2 a6 8. a4
Bd7 9. Qxc4 Bc6 10. Bg5 Nbd7 11. Nc3 h6 12. Bxf6 Nxf6 13. Rfd1 a5 14. Qb3 Bb4
15. Ne5 Bxg2 16. Kxg2 c6 17. Na2 Qd5+ 18. Qxd5 cxd5 19. Nxb4 axb4 20. f3 Rfc8
21. Kf2 Ne8 22. Nd3 Nd6 23. g4 b3 24. Ra3 Rc4 25. Rxb3 Raxa4 26. Rb6 Rc6 27.
Rxc6 bxc6 28. Rc1 Nb5 29. Rxc6 Nxd4 30. Rc8+ Kh7 31. Rc7 Kg8 32. Ke3 Nb5 33. Rd7
Ra6 34. Nc5 Ra2 35. Nd3 Kf8 36. h4 Ke8 37. Rb7 Nd6 38. Rb8+ Ke7 39. h5 f6 40.
Kf2 Ra7 41. Nf4 Rb7 42. Ng6+ Kd7 43. Rg8 Kc6 44. Nf4 e5 45. Ne6 Rxb2 46. Nxg7 d4
47. Ke1 Rb1+ 48. Kd2 Rb2+ 49. Ke1 Rb1+ 50. Kd2 Rb2+ 1/2-1/2

[Event "61st World Juniors 2024"]
[Site "Gandhinagar IND"]
[Date "2024.06.10"]
[Round "8.2"]
[White "Cardoso Cardoso, Jose Gabriel"]
[Black "Pranav, Anand"]
[Result "1-0"]
[WhiteTitle "GM"]
[BlackTitle "GM"]
[WhiteElo "2497"]
[BlackElo "2540"]
[WhiteFideId "4430492"]
[BlackFideId "46626786"]
[EventDate "2024.06.02"]

1. e4 c5 2. Nf3 Nc6 3. d4 cxd4 4. Nxd4 Nf6 5. Nc3 e5 6. Ndb5 d6 7. Nd5 Nxd5 8.
exd5 Nb8 9. a4 Be7 10. Bd2 O-O 11. a5 a6 12. Na3 Bf5 13. Nc4 Nd7 14. Be3 Rc8 15.
Be2 Bg6 16. O-O Nc5 17. c3 h6 18. Ra3 Bg5 19. Bxg5 hxg5 20. b4 Ne4 21. f3 Nf6
22. Nb6 Rc7 23. c4 e4 24. f4 gxf4 25. Rxf4 Re8 26. Qd4 e3 27. Rxe3 Rxe3 28. Qxe3
Re7 29. Qd2 Qe8 30. Bf1 Rc7 31. c5 dxc5 32. d6 Rc6 33. b5 axb5 34. Bxb5 Rxd6 35.
Qxd6 Qxb5 36. Qd8+ Kh7 37. Nd7 Nh5 38. Nf8+ Kh6 39. Qd2 Qd3 40. Qxd3 Bxd3 41.
Rxf7 c4 42. Rxb7 c3 43. a6 c2 44. Rc7 Bxa6 45. Rxc2 Bd3 46. Rc6+ g6 47. g4 Nf4
48. h4 Nh3+ 49. Kh2 Nf2 50. Kg3 1-0

[Event "61st World Juniors 2024"]
[Site "Gandhinagar IND"]
[Date "2024.06.10"]
[Round "8.3"]
[White "Makarian, Rudik"]
[Black "Budisavljevic, Luka"]
[Result "1-0"]
[WhiteTitle "IM"]
[BlackTitle "GM"]
[WhiteElo "2524"]
[BlackElo "2468"]
[WhiteFideId "44105681"]
[BlackFideId "960047"]
[EventDate "2024.06.02"]

1. b3 d5 2. Bb2 c5 3. Nf3 Nc6 4. e3 a6 5. d4 Nf6 6. Nbd2 Bf5 7. dxc5 Qa5 8. a3
Qxc5 9. c4 e6 10. b4 Qd6 11. Be2 Be7 12. O-O O-O 13. Qb3 Rac8 14. Rac1 dxc4 15.
Rxc4 Qb8 16. Nh4 b5 17. Rcc1 Ng4 18. Nhf3 Rfd8 19. Rfd1 h6 20. h3 Nge5 21. Nxe5
Nxe5 22. Bd4 Nc6 23. Bc3 Bd6 24. Qb2 Bh2+ 25. Kh1 Be5 26. Nb3 Bxc3 27. Rxd8+
Nxd8 28. Rxc3 Nb7 29. Rxc8+ Qxc8 30. Bf3 Nd6 31. Nc5 a5 32. e4 Bg6 33. Qd4 Nc4
34. Be2 e5 35. Qd5 axb4 36. axb4 Na3 37. Qxe5 Qd8 38. Qc3 Nb1 39. Qc2 Nd2 40.
Qd3 Qg5 41. Qxb5 Qe5 42. Nd7 Qxb5 43. Bxb5 Nxe4 44. Kg1 Nc3 45. Bc4 Bf5 46. Nc5
Kf8 47. f3 Ke7 48. Kf2 Nb1 49. b5 Nc3 50. b6 Kd6 51. b7 Kc7 52. Bxf7 Kb8 53. Ke3
Nb5 54. g4 Bh7 55. Bd5 1-0

[Event "61st World Juniors 2024"]
[Site "Gandhinagar IND"]
[Date "2024.06.10"]
[Round "8.4"]
[White "Gharibyan, Mamikon"]
[Black "Ohanyan, Emin"]
[Result "1-0"]
[WhiteTitle "GM"]
[BlackTitle "GM"]
[WhiteElo "2492"]
[BlackElo "2501"]
[WhiteFideId "13308300"]
[BlackFideId "13312022"]
[EventDate "2024.06.02"]

1. e4 c5 2. Nf3 e6 3. d4 cxd4 4. Nxd4 Nf6 5. Bd3 Nc6 6. Nxc6 bxc6 7. Bf4 d5 8.
Nd2 g6 9. c3 Bg7 10. O-O O-O 11. Re1 a5 12. Qa4 Ba6 13. Bxa6 Rxa6 14. Rad1 Qb6
15. Bd6 Rc8 16. e5 Ne8 17. Ba3 Bf8 18. Bxf8 Kxf8 19. b3 c5 20. Qf4 Qc7 21. Qh6+
Kg8 22. Nf3 f5 23. exf6 Nxf6 24. c4 a4 25. h3 axb3 26. axb3 Qg7 27. Qf4 Rf8 28.
Qc1 Ne4 29. cxd5 Nc3 30. dxe6 Nxd1 31. e7 Re8 32. Qc4+ Qf7 33. Qxa6 Nc3 34. Ng5
Qd5 35. Qf6 Qf5 36. Qc6 1-0

[Event "61st World Juniors 2024"]
[Site "Gandhinagar IND"]
[Date "2024.06.10"]
[Round "8.5"]
[White "Samant, Aditya S"]
[Black "Quizon, Daniel"]
[Result "1/2-1/2"]
[WhiteTitle "GM"]
[BlackTitle "IM"]
[WhiteElo "2469"]
[BlackElo "2448"]
[WhiteFideId "35080580"]
[BlackFideId "5217911"]
[EventDate "2024.06.02"]

1. e4 c5 2. Nf3 g6 3. d4 cxd4 4. Nxd4 Bg7 5. c4 Nc6 6. Be3 Nf6 7. Nc3 d6 8. Be2
O-O 9. O-O Bd7 10. Nc2 Rc8 11. Rc1 a6 12. h3 Ne5 13. b3 b5 14. c5 Bc6 15. f4
Ned7 16. Bf3 Ba8 17. b4 Qc7 18. Na1 Qb8 19. Nb3 Rfd8 20. Qe2 e5 21. f5 dxc5 22.
bxc5 gxf5 23. exf5 e4 24. Bg4 Ne5 25. Bf4 Nfxg4 26. hxg4 Nf3+ 27. gxf3 Qxf4 28.
Nxe4 h5 29. Qh2 Qxh2+ 30. Kxh2 hxg4 31. f6 Bh6 32. Rce1 gxf3 33. Rxf3 Re8 34.
Rg3+ Kh7 35. Ng5+ Kg6 36. Ne4+ Kh7 37. Ng5+ Bxg5 38. Rxe8 Rxe8 39. Rxg5 Re2+ 40.
Kg3 Kh6 41. Rg7 Rxa2 42. Kf4 Rf2+ 43. Ke5 Re2+ 44. Kd4 Re4+ 45. Kd3 Rf4 46. Rg8
Bd5 47. Nd4 Rxf6 48. Kc3 Rf1 49. Kd2 b4 50. c6 Rf4 51. Ke3 Re4+ 52. Kd3 Rxd4+
53. Kxd4 Bxc6 54. Kc5 1/2-1/2

[Event "61st World Juniors 2024"]
[Site "Gandhinagar IND"]
[Date "2024.06.10"]
[Round "8.6"]
[White "De Silva, L M S T"]
[Black "Koelle, Tobias"]
[Result "1/2-1/2"]
[WhiteTitle "IM"]
[BlackTitle "IM"]
[WhiteElo "2364"]
[BlackElo "2470"]
[WhiteFideId "9953698"]
[BlackFideId "16207378"]
[EventDate "2024.06.02"]

1. e4 c5 2. c3 Nf6 3. e5 Nd5 4. Nf3 d6 5. Bb5+ Bd7 6. Bc4 e6 7. O-O Bc6 8. d4
cxd4 9. cxd4 Nd7 10. Bxd5 Bxd5 11. Nc3 Nb6 12. Nxd5 Nxd5 13. Ng5 Qd7 14. Ne4 Nb4
15. a3 d5 16. Ng3 Nc6 17. Nh5 O-O-O 18. Bg5 Re8 19. Rc1 Kb8 20. b4 Rg8 21. Qd3
Be7 22. Bd2 Bd8 23. g4 g6 24. Ng3 Bb6 25. Ne2 Qe7 26. Be3 Qh4 27. f3 h5 28. Bf2
Qg5 29. h3 Rc8 30. Kg2 Rh8 31. Rc2 Rh7 32. Rfc1 hxg4 33. fxg4 Rch8 34. Ng1 Qf4
35. Ne2 Qg5 36. Ng1 Qf4 37. Ne2 Qg5 1/2-1/2

[Event "61st World Juniors 2024"]
[Site "Gandhinagar IND"]
[Date "2024.06.10"]
[Round "8.7"]
[White "Mayank, Chakraborty"]
[Black "Vaz, Ethan"]
[Result "1/2-1/2"]
[WhiteTitle "IM"]
[BlackTitle "IM"]
[WhiteElo "2425"]
[BlackElo "2420"]
[WhiteFideId "25659766"]
[BlackFideId "25940783"]
[EventDate "2024.06.02"]

1. e4 c5 2. Nf3 d6 3. d4 cxd4 4. Nxd4 Nf6 5. Nc3 a6 6. f4 e5 7. Nf3 Nbd7 8. a4
Qc7 9. Bd3 Be7 10. O-O O-O 11. Kh1 Nc5 12. Bd2 Bd7 13. b4 Ne6 14. f5 Nf4 15.
Bxf4 exf4 16. Qd2 d5 17. e5 Bxb4 18. Nb5 axb5 19. Qxb4 Ne4 20. f6 Qc5 21. Qe1
bxa4 22. Qh4 Bf5 23. Qxf4 Bg6 24. Nh4 Rfe8 25. Nxg6 hxg6 26. fxg7 Kxg7 27. Qxf7+
Kh6 28. Qf4+ Kg7 29. Qf7+ Kh6 30. Bxe4 dxe4 31. Qf4+ Kg7 32. e6 Rf8 33. Qxe4 b5
34. h3 a3 35. Rf3 Rxf3 36. Qb7+ Kh6 37. Qxf3 Rf8 38. Qd3 b4 39. Qd2+ g5 40. Qd7
Qe5 41. Rg1 Rf4 42. Qe8 a2 43. e7 a1=Q 44. Qf8+ Rxf8 45. exf8=Q+ Qg7 46. Qxb4
Qac3 47. Qa4 Qb7 48. Qg4 Qe5 49. h4 gxh4 50. Qxh4+ Qh5 51. Qxh5+ Kxh5 52. Rf1
Qe4 53. Rf3 Qxc2 54. Kg1 Kg4 55. Kh1 Qc1+ 56. Kh2 Qe1 57. Rh3 Qe5+ 58. Kg1 Kf4
59. Kh1 Ke4 60. Kg1 Qa1+ 61. Kh2 Qe1 62. Rf3 1/2-1/2

[Event "61st World Juniors 2024"]
[Site "Gandhinagar IND"]
[Date "2024.06.10"]
[Round "8.8"]
[White "Stribuk, Artiom"]
[Black "Panda, Sambit"]
[Result "1-0"]
[WhiteTitle "IM"]
[BlackTitle "IM"]
[WhiteElo "2422"]
[BlackElo "2363"]
[WhiteFideId "13515659"]
[BlackFideId "25091794"]
[EventDate "2024.06.02"]

1. Nf3 d5 2. g3 Bg4 3. Ne5 Bf5 4. d4 Nd7 5. Bg2 e6 6. c4 c6 7. Nc3 Nxe5 8. dxe5
d4 9. Qa4 Qb6 10. Ne4 Qb4+ 11. Qxb4 Bxb4+ 12. Kd1 f6 13. a3 Bxe4 14. Bxe4 Ba5
15. b4 Bc7 16. exf6 Nxf6 17. Bg2 Ng4 18. Ke1 Rf8 19. f4 e5 20. Bf3 Ne3 21. Bxe3
dxe3 22. fxe5 Bxe5 23. Rd1 Bc3+ 24. Kf1 Bd2 25. Kg2 Rd8 26. Rhf1 Rd4 27. b5 c5
28. Bd5 Rf6 29. Rxf6 gxf6 30. Rf1 Ke7 31. Rf5 b6 32. Kf3 Bc1 33. Rh5 Kd6 34.
Rxh7 Rd1 35. Rxa7 f5 36. Kg2 Rd2 37. Bf3 Ke5 38. a4 Ra2 39. h4 Bd2 40. h5 Kd4
41. Rd7+ Kc3 42. h6 Kb4 43. Rd3 Bc1 44. h7 Bb2 45. Bd5 Rxa4 46. Rxe3 Ra7 47. Bg8
Ra1 48. Re6 Ka5 49. Re8 1-0

[Event "61st World Juniors 2024"]
[Site "Gandhinagar IND"]
[Date "2024.06.10"]
[Round "8.9"]
[White "Dudin, Gleb"]
[Black "Anuj, Shrivatri"]
[Result "0-1"]
[WhiteTitle "GM"]
[BlackTitle "IM"]
[WhiteElo "2532"]
[BlackElo "2390"]
[WhiteFideId "34184934"]
[BlackFideId "35070924"]
[EventDate "2024.06.02"]

1. d4 Nf6 2. c4 e6 3. Nf3 d5 4. Nc3 Bb4 5. Qa4+ Nc6 6. e3 O-O 7. Qc2 dxc4 8.
Bxc4 Bd6 9. O-O e5 10. h3 a6 11. a3 h6 12. Bd2 Re8 13. Rae1 b5 14. Ba2 Bb7 15.
Nh4 Qd7 16. d5 Ne7 17. e4 c6 18. Qc1 cxd5 19. Bxh6 gxh6 20. Qxh6 Ng6 21. Nxg6
fxg6 22. Qxg6+ Qg7 23. Qf5 Kh8 24. Nxd5 Bxd5 25. Bxd5 Nxd5 26. exd5 Rf8 27. Qd3
Rg8 28. g3 Qh7 29. Qxh7+ Kxh7 30. Rc1 Rac8 31. Rc6 Rxc6 32. dxc6 Rc8 33. Rc1 Kg6
34. Kg2 Kf5 35. Kf3 Bc7 36. h4 e4+ 37. Ke2 Bb6 38. f3 Rc7 39. fxe4+ Kxe4 40. b3
Rf7 41. Rc3 Kd4 42. Rc1 Ke4 43. Rc3 Kd4 44. Rc1 Re7+ 45. Kf3 Re3+ 46. Kg4 Bc7
47. Kf5 Rxg3 48. Ke6 Rg6+ 49. Kd7 Rg7+ 50. Kc8 Bf4 51. Rd1+ Kc5 52. Rd7 Rg8+ 53.
Kb7 Rb8+ 54. Kxa6 Kxc6 55. Rf7 Bc7 56. Rf6+ Bd6 57. Ka7 Rb7+ 58. Ka6 Rb8 59. Ka7
Rh8 60. b4 Rxh4 61. Rf3 Be5 62. Rf1 Rh3 63. Rc1+ Rc3 64. Ra1 Rc2 65. Rh1 Bd6 66.
Ra1 Be5 67. Rh1 Kd5 68. Ka6 Kc4 69. Rh6 Ra2 70. Rc6+ Kd5 71. Kxb5 Rxa3 72. Rc5+
Kd6 73. Rc6+ Kd7 74. Rc4 Ra8 75. Rh4 Kd6 76. Rh6+ Kd5 77. Rh5 Rb8+ 78. Ka4 Kd4
79. Kb3 Bd6 80. Rh4+ Kd5 81. Rh5+ Kc6 82. Rh4 Rb5 83. Rg4 Rd5 84. Kc4 Rd1 85.
Rd4 Rb1 86. b5+ Kc7 87. b6+ Kc6 88. b7 Rxb7 89. Re4 Rb8 90. Rd4 Bc5 91. Re4 Kd6
92. Re2 Rb4+ 93. Kc3 Rg4 94. Rd2+ Kc6 95. Rd8 Bb4+ 96. Kd3 Kc5 97. Ke3 Ba5 98.
Rd7 Kc6 99. Rd3 Rh4 100. Kf3 Bb4 101. Rd1 Bc5 102. Rd8 Bd6 103. Ra8 Kd5 104.
Ra5+ Bc5 105. Ra8 Ke5 106. Re8+ Kf5 107. Ke2 Rh3 108. Kd2 Bd4 109. Kc2 Be5 110.
Kd2 Ke4 111. Kc2 Rh2+ 112. Kb3 Kd5 113. Rd8+ Kc5 114. Rc8+ Kb5 115. Re8 Re2 116.
Rg8 Rb2+ 117. Ka3 Kc4 118. Rc8+ Kd3 119. Rd8+ Ke4 120. Re8 Rb7 121. Ka4 Kd4 122.
Ka5 Bd6 123. Ka6 Rb1 124. Rc8 Kd5 125. Rc2 Bc5 126. Rh2 Kc6 127. Rh6+ Bd6 128.
Rh5 Rb8 129. Rh7 Rg8 130. Rf7 Rg2 131. Rf5 Be7 132. Re5 Bc5 133. Re6+ Bd6 0-1

[Event "61st World Juniors 2024"]
[Site "Gandhinagar IND"]
[Date "2024.06.10"]
[Round "8.10"]
[White "Prraneeth, Vuppala"]
[Black "Siddharth, Jagadeesh"]
[Result "1/2-1/2"]
[WhiteTitle "GM"]
[BlackTitle "IM"]
[WhiteElo "2436"]
[BlackElo "2525"]
[WhiteFideId "46622373"]
[BlackFideId "5818320"]
[EventDate "2024.06.02"]

1. c4 g6 2. g3 Bg7 3. Bg2 c5 4. Nc3 Nc6 5. d3 e6 6. Be3 Nd4 7. Nf3 Ne7 8. Bxd4
cxd4 9. Nb5 O-O 10. Qd2 Qb6 11. a4 a5 12. b4 d5 13. c5 Qd8 14. O-O Nc6 15. bxa5
e5 16. Nd6 Qe7 17. Qc2 Rxa5 18. Nd2 Be6 19. Rfb1 Nd8 20. Rb5 Ra7 21. Rab1 Bh6
22. Nf3 Bg7 23. Nd2 Bh6 24. Nf3 Bg7 25. R5b4 h5 26. h4 Bf6 27. Qb3 e4 28. Nxd4
Bxd4 29. Rxd4 Nc6 30. Rxd5 Nd4 31. Qb2 Nxe2+ 32. Qxe2 Bxd5 33. dxe4 Bc6 34. e5
Rxa4 35. Nxb7 Bxb7 36. Rxb7 Qxc5 37. e6 Ra7 38. exf7+ Rxf7 39. Qe8+ Qf8 40.
Qxf8+ Kxf8 41. Rxa7 Rxa7 42. Be4 Kg7 43. Kg2 Ra2 44. Bd3 Kf6 45. Be4 Ra6 46. Bd3
Rd6 47. Bc2 Ke5 48. Kf3 Rf6+ 49. Ke3 Kd5 50. Be4+ Kc4 51. Bd3+ Kc3 52. Be4 Kb2
53. Kd4 Rxf2 54. Bxg6 Rg2 55. Bxh5 Rxg3 56. Ke5 Rh3 57. Kf6 Rxh4 58. Bg6 Kc3 59.
Kg7 Kd4 60. Kf6 Rf4+ 61. Kg7 Ke5 62. Bh7 Rg4+ 63. Kf7 Rf4+ 64. Kg7 Ke6 65. Bg8+
Ke7 66. Bb3 Rg4+ 67. Kh8 Kf6 68. Kh7 Rg7+ 69. Kh8 Kg6 70. Bc2+ Kh6 71. Bb3 Rb7
72. Bc4 Rb8+ 73. Bg8 Ra8 1/2-1/2

[Event "61st World Juniors 2024"]
[Site "Gandhinagar IND"]
[Date "2024.06.10"]
[Round "8.11"]
[White "Avila Pavas, Santiago"]
[Black "Domalchuk-Jonasson, Aleksandr"]
[Result "1-0"]
[WhiteTitle "GM"]
[BlackTitle "IM"]
[WhiteElo "2495"]
[BlackElo "2380"]
[WhiteFideId "4437128"]
[BlackFideId "14142805"]
[EventDate "2024.06.02"]

1. e4 e5 2. Nf3 Nc6 3. Bc4 Nf6 4. d3 Bc5 5. Bg5 d6 6. c3 h6 7. Bh4 g5 8. Bg3 Be6
9. Nbd2 O-O 10. a4 a6 11. O-O Ba7 12. Re1 Qd7 13. b4 Rfe8 14. Bxe6 Qxe6 15. Nc4
Ne7 16. b5 Nxe4 17. Rxe4 f5 18. Re2 f4 19. Rb1 fxg3 20. hxg3 Nd5 21. Qc2 Qf7 22.
bxa6 bxa6 23. Rb7 Bc5 24. Qb3 a5 25. Ne3 Nxe3 26. Qxf7+ Kxf7 27. Rxc7+ Re7 28.
Rxe7+ Kxe7 29. fxe3 Ba7 30. d4 Ke6 31. Rb2 g4 32. Nd2 Rc8 33. Rb7 Bb8 34. Nb3
Bc7 35. e4 d5 36. Rb5 Rd8 37. Nc5+ Kf6 38. Na6 Rd7 39. Rb7 exd4 40. cxd4 dxe4
41. Rxc7 Rxd4 42. Nc5 Ke5 43. Ra7 e3 44. Kf1 Rd2 45. Rxa5 Rf2+ 46. Kg1 Rd2 47.
Nd3+ Kd4 48. Nf4 Rd1+ 49. Kh2 Ra1 50. Ra8 Kc3 51. a5 Kd2 52. a6 Ke1 53. a7 Kf2
54. Nd5 Ra5 55. Rf8+ 1-0

[Event "61st World Juniors 2024"]
[Site "Gandhinagar IND"]
[Date "2024.06.10"]
[Round "8.13"]
[White "Sanket, Chakravarty"]
[Black "Fromm, Marius"]
[Result "1/2-1/2"]
[WhiteTitle "IM"]
[BlackTitle "IM"]
[WhiteElo "2357"]
[BlackElo "2465"]
[WhiteFideId "25032038"]
[BlackFideId "12993190"]
[EventDate "2024.06.02"]

1. e4 c5 2. c3 d5 3. exd5 Qxd5 4. d4 Nf6 5. Nf3 e6 6. Na3 Nc6 7. Be3 cxd4 8. Nb5
Qd7 9. Nbxd4 Nd5 10. Bd2 Be7 11. Nxc6 bxc6 12. c4 Nb4 13. Bc3 Qxd1+ 14. Kxd1 c5
15. a3 Nc6 16. Kc2 f6 17. Bd3 Bb7 18. Rhe1 Kf7 19. Be4 Rhd8 20. Rad1 Rxd1 21.
Kxd1 h5 22. h4 a5 23. Kc1 Nd8 24. Bxb7 Nxb7 25. a4 Nd6 26. b3 Nf5 27. Rd1 Bd6
28. Kc2 Ke7 29. Rd3 Kd7 30. g3 e5 31. Rd5 Ne7 32. Rd1 Nc6 33. Rd5 Ne7 34. Rd1
Nc6 35. Rd5 Ne7 1/2-1/2

[Event "61st World Juniors 2024"]
[Site "Gandhinagar IND"]
[Date "2024.06.10"]
[Round "8.14"]
[White "Ilamparthi, A R"]
[Black "Aswath, S"]
[Result "1/2-1/2"]
[WhiteTitle "IM"]
[BlackTitle "IM"]
[WhiteElo "2446"]
[BlackElo "2352"]
[WhiteFideId "45015775"]
[BlackFideId "46694919"]
[EventDate "2024.06.02"]

1. e4 e5 2. Nf3 Nc6 3. Bb5 a6 4. Ba4 Nf6 5. O-O Be7 6. d3 b5 7. Bb3 d6 8. c3 O-O
9. a4 Bd7 10. Bc2 h6 11. Re1 Re8 12. Nbd2 Rb8 13. Nf1 Bf8 14. Ng3 g6 15. d4 exd4
16. cxd4 Nb4 17. Bb1 bxa4 18. Bd2 c5 19. dxc5 dxc5 20. e5 Nh7 21. Qc1 Bg4 22.
Bxh6 Bxf3 23. Bxf8 Nxf8 24. gxf3 Nc6 25. f4 Nd4 26. Ra3 Rb3 27. Be4 Qh4 28. Rxa4
Nfe6 29. f5 gxf5 30. Nxf5 Nxf5 31. Bxf5 Qxa4 32. Re4 Rb4 33. Qh6 Qd1+ 34. Kg2
Nf8 35. Qg5+ Kh8 36. Qh4+ Kg7 37. Qf6+ Kg8 38. Qg5+ Kh8 39. Qh4+ Kg7 40. Qf6+
Kg8 41. Qg5+ Kh8 1/2-1/2

[Event "61st World Juniors 2024"]
[Site "Gandhinagar IND"]
[Date "2024.06.10"]
[Round "8.15"]
[White "Pham Tran Gia Phuc"]
[Black "Nandish V S"]
[Result "1-0"]
[WhiteTitle "FM"]
[WhiteElo "2444"]
[BlackElo "1981"]
[WhiteFideId "12415669"]
[BlackFideId "45084297"]
[EventDate "2024.06.02"]

1. e4 c5 2. Nf3 g6 3. c3 d5 4. exd5 Qxd5 5. d4 Bg7 6. Na3 cxd4 7. Nb5 Na6 8.
Nbxd4 Nf6 9. Bb5+ Bd7 10. Bxa6 bxa6 11. O-O O-O 12. Re1 Rfe8 13. Ne5 Rad8 14.
Qb3 Bc8 15. h3 Bb7 16. Ndf3 Qxb3 17. axb3 Nd5 18. Nd4 Rc8 19. b4 Nb6 20. Nb3 Bd5
21. Nc5 f6 22. Nf3 e5 23. Rxa6 Rc7 24. b3 Nd7 25. Nxd7 Rxd7 26. c4 Bxf3 27. gxf3
Rd3 28. Be3 Rxb3 29. b5 Rc8 30. Rd1 Rb4 31. Rxa7 Rbxc4 32. Rdd7 Bf8 33. b6 Rb4
34. Rac7 Rb8 35. b7 e4 36. fxe4 Ra4 37. Rc8 1-0

[Event "61st World Juniors 2024"]
[Site "Gandhinagar IND"]
[Date "2024.06.10"]
[Round "8.16"]
[White "Jani, Kushal R"]
[Black "Subelj, Jan"]
[Result "0-1"]
[BlackTitle "GM"]
[WhiteElo "2192"]
[BlackElo "2514"]
[WhiteFideId "25679988"]
[BlackFideId "14618583"]
[EventDate "2024.06.02"]

1. e4 e5 2. Nf3 Nc6 3. Bb5 a6 4. Ba4 f5 5. d4 exd4 6. e5 b5 7. Bb3 Na5 8. Nxd4
Bb7 9. O-O Nxb3 10. axb3 Qe7 11. Nc3 O-O-O 12. Qd3 Qxe5 13. Bg5 Re8 14. Rfd1 Bd6
15. g3 b4 16. Bf4 Qc5 17. Nxf5 Qc6 18. Nxd6+ cxd6 19. Nd5 Nf6 20. c4 bxc3 21.
Ra4 c2 22. Rc4 cxd1=Q+ 23. Qxd1 Nxd5 24. Rxc6+ Bxc6 25. Bd2 Re6 26. Qg4 Rhe8 27.
h4 Re1+ 28. Bxe1 Rxe1+ 29. Kh2 Nf6 30. Qxg7 Rh1# 0-1

[Event "61st World Juniors 2024"]
[Site "Gandhinagar IND"]
[Date "2024.06.10"]
[Round "8.18"]
[White "Davtyan, Arsen"]
[Black "Smirnov, Mark"]
[Result "1-0"]
[WhiteTitle "IM"]
[BlackTitle "CM"]
[WhiteElo "2415"]
[BlackElo "2203"]
[WhiteFideId "13309315"]
[BlackFideId "13764594"]
[EventDate "2024.06.02"]

1. d4 Nf6 2. c4 e6 3. Nf3 d5 4. Nc3 Bb4 5. Qa4+ Nc6 6. e3 O-O 7. Qc2 dxc4 8.
Bxc4 Bd6 9. O-O e5 10. h3 Qe7 11. a3 g6 12. d5 Bf5 13. e4 Nd4 14. Nxd4 exd4 15.
exf5 dxc3 16. fxg6 fxg6 17. bxc3 Qe5 18. f4 Qe4 19. Qxe4 Nxe4 20. Rf3 Rae8 21.
Bf1 Nf6 22. c4 Nh5 23. g3 g5 24. f5 Re1 25. g4 Be5 26. Bb2 Rxa1 27. Bxe5 Re1 28.
Bc3 Rxf1+ 29. Kxf1 Nf6 30. Re3 Kf7 31. Re6 Ng8 32. Be5 Rc8 33. a4 a5 34. Kf2 c6
35. d6 1-0

[Event "61st World Juniors 2024"]
[Site "Gandhinagar IND"]
[Date "2024.06.10"]
[Round "8.19"]
[White "Pawar, Harshit"]
[Black "Srihari, L"]
[Result "1/2-1/2"]
[BlackTitle "IM"]
[WhiteElo "2132"]
[BlackElo "2400"]
[WhiteFideId "366130595"]
[BlackFideId "46642056"]
[EventDate "2024.06.02"]

1. d4 Nf6 2. c4 e6 3. Nc3 Bb4 4. e3 O-O 5. Ne2 c6 6. a3 Ba5 7. b4 Bc7 8. e4 d5
9. e5 Ne8 10. c5 a5 11. Be3 axb4 12. axb4 Rxa1 13. Qxa1 f6 14. f4 Na6 15. Qb1 g5
16. g3 Ng7 17. h4 gxf4 18. gxf4 Nf5 19. Bf2 b6 20. Bh3 fxe5 21. fxe5 bxc5 22.
Bxf5 Rxf5 23. bxc5 Ba5 24. Be3 Qf8 25. Qa1 Bb4 26. Kd2 Nc7 27. Rb1 Bxc3+ 28.
Qxc3 Ba6 29. Rg1+ Kh8 30. Bg5 Ne8 31. Rg2 Rf2 32. Qg3 Rxg2 33. Qxg2 Qf5 34. Nf4
Qb1 35. Qh3 Qb2+ 36. Ke1 Ng7 37. Qg2 Qa1+ 38. Kf2 Qxd4+ 39. Kg3 Qxe5 40. Qa2
Nh5+ 41. Kg4 Nxf4 42. Bxf4 Qf5+ 43. Kg3 e5 44. Bg5 Qd3+ 45. Kh2 Kg8 46. Bf6 Kf7
47. Bxe5 Qe3 48. Bg3 Be2 49. Qa7+ Kg6 50. Qa8 Kh5 51. Qf8 Bd3 52. Qf2 Qe4 53.
Qg2 Qg4 54. Be1 Qf5 55. Qf2 Qg4 56. Qg3 Qe2+ 57. Qf2 Qd1 58. Qe3 h6 59. Bd2 Qe2+ 1/2-1/2

[Event "61st World Juniors 2024"]
[Site "Gandhinagar IND"]
[Date "2024.06.10"]
[Round "8.20"]
[White "Wafa, Hamed"]
[Black "Md Imran"]
[Result "1-0"]
[WhiteTitle "IM"]
[BlackTitle "FM"]
[WhiteElo "2396"]
[BlackElo "2180"]
[WhiteFideId "10628452"]
[BlackFideId "25748580"]
[EventDate "2024.06.02"]

1. e4 c5 2. Nc3 Nc6 3. Nf3 e5 4. Bc4 Be7 5. d3 d6 6. O-O Nf6 7. a3 O-O 8. Rb1
Bg4 9. h3 Bh5 10. Nd5 Nd4 11. g4 Bg6 12. Nxd4 cxd4 13. Nxe7+ Qxe7 14. Bg5 h6 15.
Bh4 Bh7 16. g5 Nxe4 17. g6 Qxh4 18. gxh7+ Kxh7 19. dxe4 f5 20. Qf3 fxe4 21. Qg3
Qf4 22. Qxf4 Rxf4 23. Rbe1 Rc8 24. Bd5 Kg6 25. Bxb7 Rb8 26. Bxe4+ Kg5 27. b4 Kh4
28. f3 Rc8 29. a4 Rc4 30. Rb1 d5 31. Bd3 Rc6 32. Rbe1 Re6 33. Kg2 g5 34. a5 h5
35. b5 g4 36. fxg4 Rxf1 37. Bxf1 hxg4 38. hxg4 e4 39. b6 axb6 40. a6 1-0

[Event "61st World Juniors 2024"]
[Site "Gandhinagar IND"]
[Date "2024.06.10"]
[Round "8.21"]
[White "Ozenir, Ekin Baris"]
[Black "Mnyasta, Charlton"]
[Result "1-0"]
[WhiteTitle "IM"]
[WhiteElo "2390"]
[BlackElo "2174"]
[WhiteFideId "6357415"]
[BlackFideId "14343371"]
[EventDate "2024.06.02"]

1. d4 Nf6 2. Nf3 e6 3. c4 d5 4. Nc3 Nbd7 5. Bg5 h6 6. Bh4 c6 7. e3 Be7 8. Rc1
O-O 9. Qc2 Re8 10. Be2 dxc4 11. Bxc4 b5 12. Bd3 Bb7 13. O-O a6 14. Bxf6 gxf6 15.
Ne4 Rc8 16. Nc5 Nxc5 17. dxc5 Bxc5 18. Qxc5 Qxd3 19. Rfd1 Qg6 20. Rd7 Ba8 21.
Rcd1 Kh8 22. g3 Rg8 23. R1d4 Rcf8 24. Kg2 a5 25. h3 b4 26. Rf4 Re8 27. e4 Qg7
28. Ne5 Rgf8 29. Rg4 Qh7 30. Ng6+ fxg6 31. Rxh7+ Kxh7 32. Qa7+ 1-0

[Event "61st World Juniors 2024"]
[Site "Gandhinagar IND"]
[Date "2024.06.10"]
[Round "8.22"]
[White "Bodrogi, Bendeguz"]
[Black "Sushanth, Kamabathula"]
[Result "1-0"]
[WhiteTitle "FM"]
[WhiteElo "2353"]
[BlackElo "2131"]
[WhiteFideId "790303"]
[BlackFideId "25712667"]
[EventDate "2024.06.02"]

1. Nf3 d5 2. g3 Nd7 3. d4 Nb6 4. Nc3 Bf5 5. Nh4 e6 6. Nxf5 exf5 7. Qd3 g6 8. a4
a5 9. Bg2 c6 10. O-O Nf6 11. Bg5 Be7 12. Bxf6 Bxf6 13. b3 O-O 14. e3 Rc8 15.
Rab1 Be7 16. Ne2 Na8 17. c3 Nc7 18. b4 axb4 19. cxb4 Ra8 20. Qc2 Qd7 21. b5 cxb5
22. axb5 Nxb5 23. Qb3 Nd6 24. Qxd5 Rfd8 25. Nf4 Ra3 26. Rfc1 Rc8 27. Rxc8+ Qxc8
28. Qe5 Qc2 29. Rf1 Bf8 30. Nd5 Nc4 31. Nf6+ Kh8 32. Qe8 Kg7 33. Nd7 Bb4 34. Bd5
Nd2 35. Qxf7+ Kh6 36. Nf6 Nxf1 37. Qxh7+ Kg5 38. Qh4# 1-0